Conversaciones con Alfonso Armada (Record no. 18241)

MARC details
000 -LEADER
campo de control de longitud fija 00894nam a2200265 i 4500
001 - NÚMERO DE CONTROL
campo de control 18241
003 - IDENTIFICADOR DE NÚMERO DE CONTROL
campo de control ES-MaACL
005 - FECHA Y HORA DE LA ÚLTIMA TRANSACCIÓN
campo de control 20260301183651.0
007 - CAMPO FIJO DE DESCRIPCIÓN FÍSICA--INFORMACIÓN GENERAL
campo de control de longitud fija t|
008 - DATOS DE LONGITUD FIJA--INFORMACIÓN GENERAL
campo de control de longitud fija 011010s2001 sp af |||| |dspa j
020 ## - NÚMERO INTERNACIONAL ESTÁNDAR DEL LIBRO
Número Internacional Estándar del Libro 84-87863-92-2
080 ## - NÚMERO DE LA CLASIFICACIÓN DECIMAL UNIVERSAL
Número de la Clasificación Decimal Universal 929 Armada, Alfonso (047.53)
080 ## - NÚMERO DE LA CLASIFICACIÓN DECIMAL UNIVERSAL
Número de la Clasificación Decimal Universal 946.0"1981"(093.3)
100 1# - ENTRADA PRINCIPAL--NOMBRE DE PERSONA
Nombre de persona Cuenca Toribio, José Manuel,
Fechas asociadas al nombre 1939-
9 (RLIN) 42007
245 10 - MENCIÓN DEL TÍTULO
Título Conversaciones con Alfonso Armada
Resto del título : el 23F /
Mención de responsabilidad, etc. José Manuel Cuenca Toribio.
260 ## - PUBLICACIÓN, DISTRIBUCIÓN, ETC.
Lugar de publicación, distribución, etc. Madrid :
Nombre del editor, distribuidor, etc. Actas,
Fecha de publicación, distribución, etc. 2001.
300 ## - DESCRIPCIÓN FÍSICA
Extensión 254 p., [24] p. de lám. ;
Dimensiones 24 cm.
490 1# - MENCIÓN DE SERIE
Mención de serie Actas/historia
600 14 - PUNTO DE ACCESO ADICIONAL DE MATERIA--NOMBRE DE PERSONA
Nombre de persona Armada, Alfonso,
Fechas asociadas al nombre 1920-
Subdivisión de forma Entrevistas
9 (RLIN) 22900
651 #4 - PUNTO DE ACCESO ADICIONAL DE MATERIA--NOMBRE GEOGRÁFICO
Nombre geográfico España-
Subdivisión general Historia-
Subdivisión cronológica 1981, Golpe de Estado-
Subdivisión de forma Relatos personales.
9 (RLIN) 155321
700 1# - ENTRADA AGREGADA--NOMBRE PERSONAL
Nombre de persona Armada, Alfonso,
Fechas asociadas al nombre 1920-
9 (RLIN) 149111
830 0# - PUNTO DE ACCESO ADICIONAL DE SERIE-TÍTULO UNIFORME
Título uniforme Actas/historia
9 (RLIN) 222886
852 ## - LOCALIZACIÓN
Ubicación ES-MaACL
Número de control de estantería L-24954
Holdings
Estatus retirado Estado de pérdida Estado de daño No para préstamo Biblioteca de origen Biblioteca actual Ubicación en estantería Fecha de adquisición Fuente de adquisición Total de préstamos Signatura topográfica completa Código de barras Visto por última vez Precio de reemplazo Tipo de ítem Koha
        Biblioteca del Ateneo de Madrid Biblioteca del Ateneo de Madrid Depósito 2 17/01/2008     L-24954 1018650 23/02/2023 23/02/2023 Libro impreso